Statistics for Most Populated Capital Cities A-Z

Click here to take the quiz!

General Stats

  • This quiz has been taken 495 times
    (452 since last reset)
  • The average score is 15 of 24

Answer Stats

Capital City% Correct
BBeijing
93%
TTokyo
92%
LLondon
86%
PParis
85%
JJakarta
81%
CCairo
79%
MMexico City
75%
IIslamabad
72%
QQuito
68%
SSeoul
65%
HHanoi
64%
WWarsaw
63%
UUlaanbaatar
62%
ZZagreb
61%
KKinshasa
59%
RRiyadh
57%
AAnkara
56%
DDhaka
53%
VVienna
46%
NNairobi
45%
YYaoundé
37%
FFreetown
36%
GGuatemala City
35%
OOuagadougou
34%

Score Distribution

Percentile by Number Answered

Percent of People with Each Score

Your Score History

You have not taken this quiz since the last reset